000 00726cam a22002412 4500
001 18580
003 BD-RjUL
005 20211209000315.0
008 140220r19611912gw 000 0 eng d
035 _a(BD-RjUL)18638
040 _aDLC
_cCarP
_dDLC
_dBD-RjUL
_beng
041 _aeng
082 0 0 _a823.91
_bBEA 1961
100 1 _aBennett, Arnold,
_d1867-1931.
_956512
245 1 0 _aAnna of the Five Towns :
_ba novel /
_c Arnold, Bennett,
260 _aLeipzig :
_bB. Tauchnitz,
_c1912. [Reprinted 1961]
300 _a294 p. ;
_c16 cm.
650 0 _aPottery industry
_xFiction.
_956513
651 0 _aStaffordshire (England)
_xFiction.
_956514
942 _2ddc
_cBK
999 _c18580
_d18580